Matemática: ano propedêutico 1977-1978
Saved in:
| Main Author: | |
|---|---|
| Format: | Unknown |
| Language: | Portuguese |
| Published: |
Lisboa
D. G. E. S.
1977-1978
|
| Textbook Catalogue: | MANES: Library Catalog Search Result |
| Textbook Classification: |
|
| Tags: |
Add Tag
No Tags, Be the first to tag this record!
|
| Added to: | 2016-04-26 |
| Changed in: | 2025-04-25 |
MARC
| LEADER | 000000000a22000000004500 | ||
|---|---|---|---|
| 001 | 27289 | ||
| 003 | OSt | ||
| 005 | 20250425111429.0 | ||
| 008 | 160427s pt ||||| |||| 00| 0 por d | ||
| 040 | |c centro_manes | ||
| 041 | 1 | |a por | |
| 100 | 1 | |a Portugal. Direcção Geral do Ensino Superior |9 15531 | |
| 245 | 0 | 0 | |a Matemática: ano propedêutico 1977-1978 |
| 260 | 3 | |a Lisboa |b D. G. E. S. |c 1977-1978 | |
| 300 | |a 172 p.; |c 22 cm | ||
| 561 | |5 pt-BNP |a Portugal. Biblioteca Nacional de Portugal |k MANES | ||
| 690 | 0 | |a MATE | |
| 691 | |a SE | ||
| 942 | |2 ddc |c BK | ||
| 546 | |a Portugal | ||
| 999 | |c 28751 |d 28751 | ||
| 999 | |c manes:28751 |d 28751 | ||